Quizzes
Events
Quiz Creation
Community
Videos
Private Events
Remove Ads
Sign In
Join for FREE
Feedback
Dark Mode
Quiz Categories
Sports
Geography
Music
Movies
Television
Just For Fun
Miscellaneous
History
Literature
Language
Science
Gaming
Entertainment
Religion
Holiday
For Kids
Quiz Lab
Recent
Popular Today
Quiz Kudos Today
Editor Picks
Curator Picks
Quizzes by...
Day
Popularity
Type
Ratings
Length
Year
Community
Subscriptions
Recent Discussions
Orange Saloon
Badges
Playlists
Quests
Create
Leaderboards
Showdown
Live 5
Trivia Bingo
Activity
Puzzle Library
Sporcle Events
Private Events
Virtual Trivia
Globe League
Become a Host
Pub Owners
SporcleCon
Opinionation
Our Games
Videos
Blog
Mobile Apps
Partnerships
Remove Ads and Go Orange
Feedback
Science
Computer
Plants
Astronomy
Chemistry
Elements
Math
Animal
Physics
Anatomy
Biology
Geology
General Science
Science
Computer
Plants
Astronomy
Chemistry
Elements
Math
Animal
Physics
Anatomy
Biology
Geology
General Science
Random Quiz
Search Sporcle
×
Quiz Lab
Quiz Lab
Science
Environment
Type in answers that appear in a list
Type in answers that appear in a list
Classic
Best Score? Go Orange.
Terrestrial Biomes Stats
Can you name the terrestrial biomes?
By
SporcleEXP
2m
11 Questions
251 Plays
251 Plays
251 Plays
Comments
Comments
Give Quiz Kudos
Give Quiz Kudos
-
- Ratings
hide this ad
More Info
Random Order
Randomize order of answers
Randomize order of answers
Replay
Link that replays current quiz
Next Quiz
Link to next quiz in quiz playlist
You Got
0%
They Got
Avg Score
44%
Avg Friend Score
Upgrade to see
Score Distribution
Jump to the score distribution portion of the page
Score
0/11
Timer
02:00
0
Plays Today
Hint
Biome
% Correct
Very cold, low precipitation, permafrost
Tundra
89.6%
Cold, moderate precipitation, mostly coniferous
Taiga
83.3%
Hot, seasonal rains, herds of large hooved animals
Savanna
64.1%
High temperatures, extremely high yearly rainfall, poor soil
Tropical Rain Forest
57.4%
Moderate temperatures, moderate precipitation, Virginia's biome
Temperate Deciduous Forest
39%
Hot and dry summers and mild and rainy winters, periodic fires
Chaparral
35.1%
Moderate temperatures, seasonal rains, periodic fires
Temperate Grassland
33.1%
Moderate temperatures, extremely high rainfall, located near coast
Temperate Rain Forest
29.1%
Very hot, very dry
Tropical Desert
19.9%
Warm or hot summers, cold winters, low precipitation, often in the form of snow
Cold Desert
19.1%
High temperatures in the summer, low in the winter, low precipitation
Temperate Desert
18.7%
Quiz Playlist
Details
Report
Send in Message
Add To Playlist
More Info:
This quiz is especially useful as a study tool for the AP Environmental Science exam!
Classic:
Type in answers that appear in a list
Random Order:
Randomize order of answers
Last Updated: Feb 16, 2017
Quiz Scoreboard
CHALLENGE
Sign Up to Join the Scoreboard
Show All
Scores
Hide
Comments
May contain spoilers
Recently Published
Billboard Blitz: Fleetwood Mac
by CooCooCachoo
Music
15s
Presidents Visiting Landmarks
by Hejman
History
7m
An Introduction to Baseball
by treessimontrees
Sports
5m
More to Explore
Quiz From the Vault
Featured Blog Post
Where Did the Easter Bunny Come From?
hide this ad
You Might Also Like...
Tags
Advanced Placement
biome
Envi
Environment
Environmental
Enviroscience
Exam
Study
Study Guide
test
Today's Top Quizzes in Science
Browse Science
hide this ad
Today's Top Quizzes in Environment
Browse Environment
Top Contributed Quizzes in Science
1
Quick Pick: Radians
2
Quick Pick: 'CI-CJ' Animals
3
The First 100 Digits of Pi
4
Elements In Images
5
Name the Acid, Base or Salt
6
One Thing in Common: Science
7
Science Jokes
8
One Thing in Common: Science III
9
One Thing in Common: Animals
10
One Thing in Common: Science II
Explore More
Trending Topics
Crossword
Marvel
Kpop
Harry Potter
Disney
NBA
Anime
Pokémon
Country
The Office
Puzzle
NFL
Song
WWE
Soccer
hide this ad
More By:
SporcleEXP
Quiz
Plays
Rating
Category
Featured
Created
Harry Potter Deaths in Order Minefield
3,068,271
4.18
Literature
Jan 27, 2016
Sins, Dwarfs, and Spice Girls
847,270
4.42
Just For Fun
Apr 11, 2012
Ancient History Bunker
708,113
4.28
History
Jan 20, 2014
Movie Posters VI
679,004
4.37
Movies
Nov 12, 2010
Movie Posters VII
621,831
4.44
Movies
Apr 16, 2011
Go to Creator's Profile
Score Distribution
Quiz Creator Spotlight
SporcleEXP
Follow
Send a Message
Quizzes Created
-
Created Quiz Play Count
-
More By This Creator
Popular Quizzes Today
1
Find the US States - No Outlines Minefield
2
Find the Countries of Europe - No Outlines Minefield
3
The Countries of the World
4
Find the US States
5
US States
6
Risky Map Clicking: Biggest States A-Z
7
Popular People in 1961
8
Movies - When Are They Set?
More Science Quizzes
Crypto-Trivia: Science
Editor's Pick
Trending Quizzes
Risky Map Clicking: Least Populous States A-Z
1-10 Letter G Words
1-10 Letter F Words
Risky Map Clicking: Next State Alphabetically
Risky Map Clicking: Biggest States A-Z
Recently Updated
Leaping Animals
pecheneg
Reality TV Shows (A-Z)
bhenderson79
Rickey Henderson's Hall of Fame Teammates
pecheneg
Champions League XIs: Arsenal
pecheneg
Quick Pick: Celebrities in WWE's Hall of Fame
aduchscher
A-Z Keypad Blitz II
pecheneg
Multiple Oscar Actors
pecheneg
Mystery Phrase Blitz: Oscar 'Best Actors'
pecheneg
F. Scott Fitzgerald Novels
LTH
Pick 3 Villains
ddd62291
Trending Topics
Anime
Disney
NBA
Marvel
Kpop
Crossword
Harry Potter
Song
Soccer
The Office
NFL
Puzzle
Country
WWE
Pokémon
Your Account Isn't Verified!
In order to create a playlist on Sporcle, you need to verify the email address you used during registration. Go to your
Sporcle Settings
to finish the process.
Report this User
Report this user for behavior that violates our
Community Guidelines
.
Details:
Send Report
Go to the Sporcle.com Mobile Site →
Comments